| 000 | 00457nam a22001817a 4500 | ||
|---|---|---|---|
| 003 | CEME | ||
| 005 | 20210628205943.0 | ||
| 008 | 210209b xxu||||| |||| 00| 0 eng d | ||
| 020 | _a1-56884-727-0 | ||
| 040 | _c. | ||
| 082 | _a004.67 HOF | ||
| 100 |
_aHoffman, Paul _967675 |
||
| 245 | _aDestination internet and world wide web | ||
| 260 |
_aUSA _bIDG BOOKS _c1995 |
||
| 300 | _a223P | ||
| 650 |
_aINTERNET AND WORLD WIDE WEB _977632 |
||
| 942 |
_cBK _2ddc |
||
| 999 |
_c582870 _d582870 |
||